Statistics for Wrestling Nicknames

Click here to take the quiz!

General Stats

  • This quiz has been taken 35 times
  • The average score is 19 of 23

Answer Stats

Hint Answer % Correct
Randy SavageMacho Man
97%
Jake RobertsThe Snake
97%
Bret HartThe Hitman
97%
Jerry LawlerThe King
93%
Jimmy SnukaSuperfly
93%
Ted DiBiaseMillion Dollar Man
93%
Bobby HeenanThe Brain
93%
Ricky SteamboatThe Dragon
93%
Jim NeidhartThe Anvil
90%
Ric FlairNature Boy
90%
George SteeleThe Animal
87%
Curt HennigMr. Perfect
87%
Jesse VenturaThe Body
87%
Roddy PiperRowdy
87%
Greg ValentineThe Hammer
80%
Brutus BeefcakeThe Barber
77%
Paul OrndorffMr. Wonderful
77%
Ric RudeRavishing
77%
Billy GrahamSuperstar
70%
Freddie BlassieClassy
67%
Lou AlbanoCaptain
63%
Steve WilliamsDr. Death
47%
Larry HennigThe Axe
33%

Score Distribution

Percentile by Number Answered

Percent of People with Each Score

Your Score History

You have not taken this quiz